[Event "Porto Carras Summer Cup"]
[Site "Porto Carras GRE"]
[Date "2010.07.11"]
[Round "1.1"]
[White "Tsatsaronis, D."]
[Black "Nedev, T."]
[Result "0-1"]
[WhiteElo "1698"]
[BlackElo "2506"]
[PlyCount "26"]
[EventDate "2010.??.??"]

1. d4 Nf6 2. Nf3 g6 3. Bf4 Bg7 4. e3 d6 5. Bd3 O-O 6. Nbd2 Nc6 7. c3 e5 8. dxe5
dxe5 9. Bxe5 Qxd3 10. Bxc7 Nd5 11. Bg3 Bxc3 12. Qb3 Na5 13. Qd1 Bxb2 0-1

[Event "Porto Carras Summer Cup"]
[Site "Porto Carras GRE"]
[Date "2010.07.11"]
[Round "1.2"]
[White "Kanakaris, G."]
[Black "Liakos, G."]
[Result "1-0"]
[WhiteElo "2294"]
[BlackElo "1658"]
[PlyCount "75"]
[EventDate "2010.??.??"]

1. d4 Nf6 2. c4 e6 3. Nf3 b6 4. g3 Bb7 5. Bg2 Bb4+ 6. Bd2 Be7 7. O-O O-O 8. Nc3
d5 9. Ne5 Nbd7 10. Bf4 c6 11. cxd5 Nxd5 12. Nxd7 Qxd7 13. Bd2 Rfd8 14. e4 Nxc3
15. Bxc3 c5 16. dxc5 Qxd1 17. Rfxd1 Bxc5 18. Rac1 Rac8 19. h4 Bd6 20. e5 Bxg2
21. Kxg2 Be7 22. Rxd8+ Rxd8 23. Be1 Kf8 24. Rc7 a5 25. Kf3 Bc5 26. Bxa5 Ra8 27.
Bc3 Rxa2 28. h5 Ra4 29. Kg2 Bd4 30. b3 Bxc3 31. bxa4 Bxe5 32. Rb7 Bd4 33. Kf3
e5 34. g4 h6 35. Ke4 g6 36. hxg6 fxg6 37. f4 h5 38. fxe5 1-0

[Event "Porto Carras Summer Cup"]
[Site "Porto Carras GRE"]
[Date "2010.07.11"]
[Round "1.7"]
[White "Urosevic, G."]
[Black "Misailidis, P."]
[Result "1-0"]
[WhiteElo "2225"]
[BlackElo "1589"]
[PlyCount "119"]
[EventDate "2010.??.??"]

1. d4 d5 2. Nf3 Nf6 3. c4 e6 4. g3 c6 5. Bg2 Nbd7 6. O-O Be7 7. Qc2 O-O 8. Bf4
dxc4 9. Qxc4 Nb6 10. Qc2 Nbd5 11. Bd2 Nb4 12. Bxb4 Bxb4 13. Rd1 Qc7 14. a3 Ba5
15. Ne5 Bb6 16. Nc4 Rd8 17. e3 Bd7 18. Nc3 Be8 19. Rac1 Rac8 20. b4 Nd5 21. Ne4
Qe7 22. Nc5 Rb8 23. e4 Nf6 24. e5 Nd5 25. Nd6 Bxc5 26. dxc5 Bd7 27. Be4 h6 28.
h4 Nc7 29. Rd3 Ne8 30. Qa4 a6 31. Nc4 Nc7 32. Rcd1 Be8 33. Nd6 Nb5 34. Qb3 Nxd6
35. Rxd6 Rxd6 36. Rxd6 Rd8 37. Qe3 Rd7 38. Kg2 Rd8 39. f4 g6 40. h5 Kg7 41.
hxg6 fxg6 42. Qd4 Rd7 43. Kf2 Qf7 44. Ke3 Qe7 45. Rxd7 Qxd7 46. Qxd7+ Bxd7 47.
a4 Kf7 48. Kf3 Kg7 49. Bd3 Kf7 50. g4 Kg7 51. a5 Kf7 52. Kg3 Kf8 53. Bxg6 Kg7
54. Bd3 Be8 55. f5 Kf7 56. Bc4 Bd7 57. Kf4 Ke7 58. Bxe6 Bxe6 59. fxe6 Kxe6 60.
Ke4 1-0

[Event "Porto Carras Summer Cup"]
[Site "Porto Carras GRE"]
[Date "2010.07.11"]
[Round "1.8"]
[White "Rahmanidis, P."]
[Black "Karlovich, A."]
[Result "0-1"]
[WhiteElo "1584"]
[BlackElo "2174"]
[PlyCount "60"]
[EventDate "2010.??.??"]

1. e4 e5 2. Nf3 Nc6 3. Bc4 Bc5 4. c3 Qe7 5. O-O d6 6. d4 Bb6 7. Bb5 Bd7 8. d5
Nb8 9. Bxd7+ Nxd7 10. Bg5 Ngf6 11. Nbd2 h6 12. Bh4 a6 13. a4 O-O 14. b4 Rfe8
15. Ne1 Nf8 16. Nc4 g5 17. Nxb6 cxb6 18. Bg3 Nxe4 19. Nc2 Rac8 20. Qh5 Qf6 21.
Ne3 Qg6 22. Qxg6+ fxg6 23. c4 Nd2 24. Rfd1 Nxc4 25. Rac1 Nb2 26. Rxc8 Rxc8 27.
Rd2 Rc1+ 28. Nf1 Nxa4 29. Bxe5 dxe5 30. d6 Nd7 0-1

[Event "Porto Carras Summer Cup"]
[Site "Porto Carras GRE"]
[Date "2010.07.12"]
[Round "2.2"]
[White "Sideris, G."]
[Black "Kanakaris, G."]
[Result "1/2-1/2"]
[WhiteElo "1976"]
[BlackElo "2294"]
[PlyCount "67"]
[EventDate "2010.??.??"]

1. e4 c5 2. Nc3 d6 3. g3 Nc6 4. Bg2 g6 5. d3 Bg7 6. Be3 Nf6 7. h3 Bd7 8. Nge2
Qc8 9. f4 Rb8 10. g4 h5 11. g5 Nh7 12. Qd2 b5 13. Nd1 e5 14. c3 b4 15. d4 bxc3
16. bxc3 cxd4 17. cxd4 exd4 18. Nxd4 Nxd4 19. Bxd4 Bxd4 20. Qxd4 O-O 21. Ne3
Qa6 22. Nd5 Rfe8 23. Kf2 Qa3 24. Rhd1 Bxh3 25. Rd2 Bxg2 26. Kxg2 h4 27. Rf1
Qg3+ 28. Kh1 Rb7 29. Rg2 Qh3+ 30. Kg1 Qe6 31. Re1 Reb8 32. Rge2 Rb1 33. Rxb1
Rxb1+ 34. Kh2 1/2-1/2

[Event "Porto Carras Summer Cup"]
[Site "Porto Carras GRE"]
[Date "2010.07.12"]
[Round "2.3"]
[White "Papadopoulos, P."]
[Black "Sigalas, F."]
[Result "1/2-1/2"]
[WhiteElo "1951"]
[BlackElo "2276"]
[PlyCount "28"]
[EventDate "2010.??.??"]

1. d4 Nf6 2. c4 e6 3. Nc3 Bb4 4. a3 Bxc3+ 5. bxc3 c5 6. e3 O-O 7. Bd3 Nc6 8.
Ne2 b6 9. O-O Ba6 10. Ng3 d5 11. cxd5 Bxd3 12. Qxd3 exd5 13. Ra2 Rc8 14. Re2
cxd4 1/2-1/2

[Event "Porto Carras Summer Cup"]
[Site "Porto Carras GRE"]
[Date "2010.07.12"]
[Round "2.4"]
[White "Csonka, B."]
[Black "Giordos, V."]
[Result "1/2-1/2"]
[WhiteElo "2267"]
[BlackElo "1966"]
[PlyCount "176"]
[EventDate "2010.??.??"]

1. a3 e5 2. e3 d5 3. d4 exd4 4. exd4 Nf6 5. Bd3 Bd6 6. Ne2 Bg4 7. O-O O-O 8. f3
Bh5 9. Bf4 Bg6 10. Nbc3 c6 11. Bxg6 hxg6 12. Qd2 Qc7 13. Bxd6 Qxd6 14. Qf4 Qxf4
15. Nxf4 Nbd7 16. Nd3 Rfe8 17. Kf2 Re7 18. a4 a5 19. Rfb1 Ne8 20. b4 axb4 21.
Nxb4 Nd6 22. a5 Nb8 23. Nbxd5 cxd5 24. Nxd5 Kf8 25. Nxe7 Kxe7 26. c4 Ra7 27. c5
Ne8 28. a6 Nxa6 29. c6 bxc6 30. Rb6 Nec7 31. Rxc6 Kd7 32. Rb6 Ra8 33. h4 Rb8
34. Raxa6 Nxa6 35. Rxa6 Rb2+ 36. Kg3 Rb4 37. Ra7+ Ke8 38. d5 Rb5 39. d6 Rd5 40.
Ra8+ Kd7 41. Rg8 Kxd6 42. Rxg7 Ke6 43. Rg8 Rd4 44. Ra8 Rb4 45. Ra6+ Kf5 46. Ra7
Kf6 47. Kh3 Rb3 48. Kg4 Rb4+ 49. f4 Rc4 50. g3 Rc6 51. Ra3 Rb6 52. Kf3 Ke6 53.
g4 Kf6 54. g5+ Kg7 55. Kg4 Rb4 56. Rf3 Rb1 57. f5 gxf5+ 58. Kxf5 Rh1 59. Kg4
Rg1+ 60. Kh3 Rh1+ 61. Kg3 Rg1+ 62. Kh2 Rg4 63. Kh3 Rg1 64. Ra3 Rh1+ 65. Kg3
Rg1+ 66. Kh2 Rg4 67. Kh3 Rg1 68. Ra5 Rh1+ 69. Kg4 Rg1+ 70. Kf4 Rh1 71. Kg3 Rg1+
72. Kh2 Rg4 73. Kh3 Rg1 74. h5 Rh1+ 75. Kg4 Rg1+ 76. Kf4 Rf1+ 77. Kg3 Rg1+ 78.
Kh2 Rg4 79. Kh3 Rg1 80. Rd5 Rh1+ 81. Kg4 Rg1+ 82. Kf5 Rf1+ 83. Ke5 f6+ 84.
gxf6+ Rxf6 85. Rd7+ Rf7 86. h6+ Kg6 87. h7 Rxh7 88. Rxh7 Kxh7 1/2-1/2

[Event "Porto Carras Summer Cup"]
[Site "Porto Carras GRE"]
[Date "2010.07.12"]
[Round "2.5"]
[White "Capone, N."]
[Black "Tassopoulos, M."]
[Result "1-0"]
[WhiteElo "1877"]
[BlackElo "2257"]
[PlyCount "85"]
[EventDate "2010.??.??"]

1. e4 c5 2. Nf3 Nc6 3. d4 cxd4 4. Nxd4 Nf6 5. Nc3 e6 6. Be2 Bb4 7. Bf3 O-O 8.
O-O Ne5 9. Bg5 Qa5 10. Bxf6 gxf6 11. Nce2 Nxf3+ 12. Nxf3 b6 13. a3 Be7 14. b4
Qb5 15. Nd2 Bb7 16. c4 Qc6 17. f3 a5 18. Qb3 axb4 19. axb4 Qd6 20. Rad1 Qxb4
21. Qd3 Rfd8 22. Rb1 Ra3 23. Qd4 Qa5 24. Kh1 Bc6 25. Nb3 Qa6 26. Ng3 b5 27. c5
Qa4 28. Qe3 Kh8 29. Nh5 Rg8 30. Rfd1 Rg5 31. g4 Rg6 32. h4 Qc4 33. Rdc1 Qb4 34.
Nf4 Rg8 35. Nh5 Rg6 36. Nf4 Rg8 37. Nh5 Qa4 38. g5 e5 39. gxf6 Bf8 40. Rg1 Rxb3
41. Rxg8+ Kxg8 42. Qg5+ Kh8 43. Rg1 1-0

[Event "Porto Carras Summer Cup"]
[Site "Porto Carras GRE"]
[Date "2010.07.12"]
[Round "2.6"]
[White "Minas, I."]
[Black "Vafiadis, K."]
[Result "0-1"]
[WhiteElo "1836"]
[BlackElo "2227"]
[PlyCount "54"]
[EventDate "2010.??.??"]

1. c4 Nf6 2. Nc3 e6 3. g3 d5 4. cxd5 exd5 5. Bg2 c6 6. Qb3 d4 7. Ne4 Nxe4 8.
Bxe4 Na6 9. Qf3 Nc5 10. Bb1 Be6 11. e4 dxe3 12. Qxe3 Qd5 13. f3 O-O-O 14. Ne2
Nd3+ 15. Qxd3 Qxd3 16. Bxd3 Rxd3 17. Nf4 Rxf3 18. Nxe6 fxe6 19. Ke2 Rf5 20. b3
Bc5 21. Bb2 Rf2+ 22. Ke1 Rd8 23. Rd1 g5 24. Be5 Rdf8 25. g4 Rg2 26. Bg3 Bb4 27.
a4 a5 0-1

[Event "Porto Carras Summer Cup"]
[Site "Porto Carras GRE"]
[Date "2010.07.12"]
[Round "2.7"]
[White "Theoharidis, G."]
[Black "Urosevic, G."]
[Result "0-1"]
[WhiteElo "1817"]
[BlackElo "2225"]
[PlyCount "72"]
[EventDate "2010.??.??"]

1. d4 Nf6 2. Nf3 c5 3. d5 b5 4. Bf4 Bb7 5. c4 d6 6. Qb3 Qb6 7. Nc3 bxc4 8. Qxc4
Ba6 9. Qa4+ Nbd7 10. Rb1 g6 11. e4 Bxf1 12. Kxf1 Nh5 13. Bd2 Bg7 14. g4 Nf4 15.
Ng5 Nd3 16. b3 Bd4 17. Nb5 Bf6 18. Ba5 O-O 19. Bxb6 axb6 20. Nf3 Rxa4 21. bxa4
Ra8 22. Rb3 Nc1 23. Rb1 Nxa2 24. e5 dxe5 25. g5 Bg7 26. d6 exd6 27. Nxd6 Nc3
28. Rb3 e4 29. Nd2 Rxa4 30. N6c4 b5 31. Nd6 Rd4 32. Ne8 Be5 33. Ke1 Bf4 34. Rb2
Ne5 35. Nf6+ Kg7 36. Ndxe4 Rd1# 0-1

[Event "Porto Carras Summer Cup"]
[Site "Porto Carras GRE"]
[Date "2010.07.13"]
[Round "3.1"]
[White "Nedev, T."]
[Black "Hrisanthopoulos, D."]
[Result "1-0"]
[WhiteElo "2506"]
[BlackElo "2095"]
[PlyCount "119"]
[EventDate "2010.??.??"]

1. e4 c5 2. Nf3 Nc6 3. Bb5 d6 4. O-O Bd7 5. c3 Nf6 6. Re1 a6 7. Ba4 b5 8. Bc2
e5 9. h3 Be7 10. d4 Qc7 11. d5 Na5 12. b3 O-O 13. Nbd2 c4 14. Ba3 Rfe8 15. b4
Nb7 16. Nf1 g6 17. Ng3 a5 18. Bc1 axb4 19. cxb4 Ra6 20. a3 Bf8 21. Nh2 Bg7 22.
Qf3 Rf8 23. Bg5 Ne8 24. Ng4 f6 25. Nh6+ Kh8 26. Bd2 Nd8 27. Ne2 Nf7 28. Nxf7+
Rxf7 29. g4 Qc8 30. Ng3 Rf8 31. Qe2 Nc7 32. f4 exf4 33. Bxf4 Na8 34. Qd2 Qd8
35. Be3 Nb6 36. Bd4 Qe7 37. Rf1 Be8 38. Ne2 Nd7 39. Nf4 Bf7 40. a4 bxa4 41. Qc3
Ne5 42. b5 Raa8 43. b6 Bh6 44. Rxa4 Bxf4 45. Rxf4 Rxa4 46. Bxa4 Be8 47. Bc6 g5
48. Rf2 Kg7 49. Bxe5 fxe5 50. Rxf8 Qxf8 51. Bxe8 Qxe8 52. Qxc4 Qa8 53. Kf2 Kg8
54. Ke2 Kf8 55. Kd3 Qa3+ 56. Kc2 Qa8 57. Kb2 Qa5 58. Qc8+ Ke7 59. Qe6+ Kf8 60.
Qxd6+ 1-0

[Event "Porto Carras Summer Cup"]
[Site "Porto Carras GRE"]
[Date "2010.07.13"]
[Round "3.2"]
[White "Vafiadis, K."]
[Black "Avagianos, S."]
[Result "1-0"]
[WhiteElo "2227"]
[BlackElo "2034"]
[PlyCount "107"]
[EventDate "2010.??.??"]

1. d4 d5 2. Nf3 Nf6 3. e3 Nbd7 4. Bd3 c6 5. b3 e5 6. dxe5 Ng4 7. Bb2 Qc7 8. O-O
Ngxe5 9. e4 dxe4 10. Bxe4 Bd6 11. Re1 O-O 12. Nxe5 Nxe5 13. Bxh7+ Kxh7 14. Bxe5
Re8 15. Bxd6 Rxe1+ 16. Qxe1 Qxd6 17. Qe4+ Kg8 18. Qe8+ Kh7 19. Nc3 Qf6 20. Qe3
Bf5 21. Rc1 Rd8 22. h3 Qg6 23. Qe7 Rd7 24. Qh4+ Kg8 25. Re1 f6 26. Qc4+ Kh7 27.
Re3 Bxc2 28. Ne4 Bxe4 29. Rxe4 Qf7 30. Rh4+ Kg8 31. Qf4 Rd8 32. Qf5 g6 33. Rg4
Kg7 34. Qc5 Qc7 35. g3 b6 36. Qc2 g5 37. Rc4 Qd7 38. Rxc6 Qxh3 39. Rc7+ Rd7 40.
Qc6 Rxc7 41. Qxc7+ Kg6 42. Qxa7 Qe6 43. Qb7 f5 44. Qf3 b5 45. a3 Qa6 46. Kg2 g4
47. Qd5 Qxa3 48. Qxb5 Qa8+ 49. Kg1 Qa1+ 50. Qf1 Qc3 51. Qa6+ Kg5 52. Qb7 Qd4
53. Qe7+ Kh5 54. Qe8+ 1-0

[Event "Porto Carras Summer Cup"]
[Site "Porto Carras GRE"]
[Date "2010.07.13"]
[Round "3.3"]
[White "Urosevic, G."]
[Black "Paouris, N."]
[Result "1/2-1/2"]
[WhiteElo "2225"]
[BlackElo "1988"]
[PlyCount "44"]
[EventDate "2010.??.??"]

1. d4 d5 2. Nf3 Nf6 3. c4 dxc4 4. e3 e6 5. Bxc4 c5 6. O-O a6 7. Bb3 b5 8. Qe2
Bb7 9. a4 Nbd7 10. Nbd2 Qb8 11. e4 cxd4 12. axb5 axb5 13. Rxa8 Bxa8 14. Nxd4
Bd6 15. N2f3 Bxe4 16. Nxb5 Bf4 17. Bxf4 Qxf4 18. Qc4 O-O 19. Nc3 Ne5 20. Nxe5
Qxe5 21. Re1 Qa5 22. Rxe4 Nxe4 1/2-1/2

[Event "Porto Carras Summer Cup"]
[Site "Porto Carras GRE"]
[Date "2010.07.13"]
[Round "3.4"]
[White "Sverkounos, S."]
[Black "Karlovich, A."]
[Result "0-1"]
[WhiteElo "2018"]
[BlackElo "2174"]
[PlyCount "48"]
[EventDate "2010.??.??"]

1. c4 e5 2. Nc3 Nf6 3. g3 c6 4. Nf3 e4 5. Nd4 d5 6. cxd5 Qb6 7. e3 cxd5 8. d3
Bb4 9. Bg2 Nc6 10. Nxc6 bxc6 11. O-O exd3 12. Bd2 Ba6 13. e4 dxe4 14. Nxe4 Nxe4
15. Bxb4 Qxb4 16. Bxe4 O-O 17. Qf3 Rad8 18. Rfd1 d2 19. Bxc6 Qxb2 20. Bd5 Rfe8
21. Qb3 Qxa1 22. Rxa1 Re1+ 23. Kg2 Bf1+ 24. Kf3 Rxa1 0-1

[Event "Porto Carras Summer Cup"]
[Site "Porto Carras GRE"]
[Date "2010.07.13"]
[Round "3.6"]
[White "Gamvrilis, I."]
[Black "Galopoulos, P."]
[Result "1/2-1/2"]
[WhiteElo "1996"]
[BlackElo "2095"]
[PlyCount "82"]
[EventDate "2010.??.??"]

1. d4 Nf6 2. c4 e6 3. Nc3 Bb4 4. a3 Bxc3+ 5. bxc3 b6 6. Bg5 h6 7. Bh4 d6 8. Qc2
Bb7 9. f3 Nbd7 10. e4 g5 11. Bf2 Nh5 12. Bd3 Nf4 13. Bf1 e5 14. Ne2 Nxe2 15.
Bxe2 Qe7 16. a4 a5 17. d5 Bc8 18. O-O-O Nc5 19. Kb2 Bd7 20. Bxc5 dxc5 21. Ka3
Qd6 22. Qc1 O-O-O 23. g4 h5 24. gxh5 Rxh5 25. Rdg1 Qf6 26. f4 Rh4 27. fxg5 Qf2
28. Qf1 Rxh2 29. Qxf2 Rxf2 30. Bg4 Rf4 31. Bxd7+ Kxd7 32. Rf1 Rg8 33. Rxf4 exf4
34. Rf1 Rxg5 35. Rxf4 Ke7 36. Kb3 Rg2 37. Rf5 Rd2 38. e5 Re2 39. Rh5 Kd7 40.
Rf5 Ke7 41. Rh5 Kd7 1/2-1/2

[Event "Porto Carras Summer Cup"]
[Site "Porto Carras GRE"]
[Date "2010.07.13"]
[Round "3.7"]
[White "Kanakaris, G."]
[Black "Papadopoulos, P."]
[Result "0-1"]
[WhiteElo "2294"]
[BlackElo "1951"]
[PlyCount "94"]
[EventDate "2010.??.??"]

1. d4 Nf6 2. Nf3 c5 3. c3 e6 4. Nbd2 Nc6 5. g3 cxd4 6. cxd4 Qb6 7. Bg2 Nxd4 8.
Nxd4 Qxd4 9. O-O Be7 10. Qc2 O-O 11. Nb3 Qb6 12. e4 Qc6 13. Qe2 e5 14. f4 d6
15. f5 Bd7 16. Bf3 Qa4 17. Re1 Rfe8 18. Bg5 Rac8 19. g4 Bb5 20. Qg2 Bd3 21.
Bxf6 gxf6 22. Rad1 Bc2 23. Rd2 Bxb3 24. axb3 Qxb3 25. Rf1 Qe3+ 26. Kh1 Rc6 27.
Re2 Qg5 28. Qf2 a6 29. Qg3 Rc1 30. Rxc1 Qxc1+ 31. Kg2 Rc8 32. Qf2 Bd8 33. Rd2
Bb6 34. Qe2 Bd4 35. Kh3 Kf8 36. g5 fxg5 37. f6 Rc7 38. Qg2 h6 39. Bd1 Ke8 40.
Bh5 Qe1 41. Qe2 Qh4+ 42. Kg2 Rc1 43. Rxd4 exd4 44. e5 Qe1 45. Bxf7+ Kxf7 46.
Qh5+ Ke6 47. Qg4+ Kxe5 0-1

[Event "Porto Carras Summer Cup"]
[Site "Porto Carras GRE"]
[Date "2010.07.13"]
[Round "3.8"]
[White "Sigalas, F."]
[Black "Sideris, G."]
[Result "1/2-1/2"]
[WhiteElo "2276"]
[BlackElo "1976"]
[PlyCount "48"]
[EventDate "2010.??.??"]

1. e4 d6 2. d4 Nd7 3. Nf3 e5 4. Bc4 c6 5. O-O Be7 6. dxe5 dxe5 7. Ng5 Bxg5 8.
Qh5 Qe7 9. Bxg5 Ngf6 10. Qe2 h6 11. Bd2 g5 12. a4 Nf8 13. Rd1 Ng6 14. Na3 Nf4
15. Qe1 Bg4 16. f3 Bh5 17. h3 Rg8 18. Nb5 O-O-O 19. Nxa7+ Kb8 20. Be3 Rxd1 21.
Rxd1 Nxh3+ 22. gxh3 Bxf3 23. Be2 g4 24. h4 Nxe4 1/2-1/2

[Event "Porto Carras Summer Cup"]
[Site "Porto Carras GRE"]
[Date "2010.07.13"]
[Round "4.1"]
[White "Karlovich, A."]
[Black "Nedev, T."]
[Result "1-0"]
[WhiteElo "2174"]
[BlackElo "2506"]
[PlyCount "51"]
[EventDate "2010.??.??"]

1. e4 c5 2. Nf3 Nc6 3. Bb5 e6 4. Bxc6 bxc6 5. d3 Ne7 6. Qe2 d5 7. c4 Ng6 8. e5
Be7 9. Nc3 f6 10. exf6 Bxf6 11. h4 h5 12. Ng5 e5 13. Bd2 Bf5 14. Na4 O-O 15.
Nxc5 Qb6 16. Na4 Qd4 17. Qxh5 Bxg5 18. hxg5 Bxd3 19. Be3 Qxc4 20. Rd1 Bc2 21.
b3 Bxd1 22. Qh7+ Kf7 23. bxc4 Bxa4 24. Qh3 Ne7 25. Qd7 Bc2 26. Bc5 1-0

[Event "Porto Carras Summer Cup"]
[Site "Porto Carras GRE"]
[Date "2010.07.13"]
[Round "4.2"]
[White "Capone, N."]
[Black "Vafiadis, K."]
[Result "0-1"]
[WhiteElo "1877"]
[BlackElo "2227"]
[PlyCount "74"]
[EventDate "2010.??.??"]

1. e4 d5 2. exd5 Nf6 3. d4 Bg4 4. Nf3 Qxd5 5. Be2 Nc6 6. Nc3 Qh5 7. h3 O-O-O 8.
Be3 e5 9. Rg1 Bxf3 10. Bxf3 Qf5 11. g4 Qg6 12. Bxc6 bxc6 13. Qe2 exd4 14. O-O-O
Bc5 15. Na4 Bb6 16. Nxb6+ axb6 17. Qa6+ Kb8 18. Rd3 Nd5 19. Ra3 Qxc2+ 20. Kxc2
Nb4+ 21. Kc1 Nxa6 22. Rxa6 dxe3 23. fxe3 Rd3 24. Re1 Re8 25. Ra3 Rxa3 26. bxa3
Re4 27. Kc2 f6 28. Kc3 Kb7 29. Re2 c5 30. Kb3 Kc6 31. Kc3 Kd6 32. Rd2+ Ke7 33.
Re2 g6 34. Kd2 Ra4 35. Ke1 Rxa3 36. Kf2 b5 37. Kf3 c6 0-1

[Event "Porto Carras Summer Cup"]
[Site "Porto Carras GRE"]
[Date "2010.07.13"]
[Round "4.3"]
[White "Csonka, B."]
[Black "Gamvrilis, I."]
[Result "1/2-1/2"]
[WhiteElo "2267"]
[BlackElo "1996"]
[PlyCount "81"]
[EventDate "2010.??.??"]

1. e4 c5 2. Nf3 d6 3. d4 cxd4 4. Nxd4 Nf6 5. f3 Nc6 6. c4 Bd7 7. Be3 g6 8. Nc3
Bg7 9. Qd2 O-O 10. Be2 a6 11. O-O Rc8 12. Rfd1 Ne5 13. b3 Qa5 14. Nd5 Qd8 15.
Rac1 Bc6 16. h3 Re8 17. a4 a5 18. Qe1 Ned7 19. Qf2 Bxd5 20. cxd5 Rxc1 21. Rxc1
Nc5 22. Bb5 Nfd7 23. Qc2 Rf8 24. Ne2 b6 25. Nd4 Bxd4 26. Bxd4 f5 27. Re1 fxe4
28. fxe4 Ne5 29. Bxe5 dxe5 30. Be2 Qd6 31. Bf3 Rc8 32. Rc1 Rc7 33. Qb1 Nd7 34.
Rxc7 Qxc7 35. Qd3 Qc1+ 36. Kh2 Nc5 37. Qb5 Qf4+ 38. Kg1 Qe3+ 39. Kh1 Qc1+ 40.
Kh2 Qf4+ 41. Kg1 1/2-1/2

[Event "Porto Carras Summer Cup"]
[Site "Porto Carras GRE"]
[Date "2010.07.13"]
[Round "4.5"]
[White "Galopoulos, P."]
[Black "Paouris, N."]
[Result "1-0"]
[WhiteElo "2095"]
[BlackElo "1988"]
[PlyCount "75"]
[EventDate "2010.??.??"]

1. e4 c6 2. d4 d5 3. Nc3 dxe4 4. Nxe4 Bf5 5. Ng3 Bg6 6. h4 h6 7. Nf3 Nd7 8. h5
Bh7 9. Bd3 Bxd3 10. Qxd3 e6 11. Bf4 Qa5+ 12. Bd2 Bb4 13. c3 Be7 14. c4 Qc7 15.
O-O-O Ngf6 16. Kb1 O-O 17. Ne4 Rad8 18. Bc3 Nxe4 19. Qxe4 Nf6 20. Qe2 c5 21.
dxc5 Bxc5 22. Ne5 Nd7 23. Nxd7 Rxd7 24. Rxd7 Qxd7 25. Qe5 Qd3+ 26. Ka1 f6 27.
Qxc5 Rd8 28. a3 b6 29. Qc7 Rd7 30. Qf4 e5 31. Qg4 f5 32. Qg6 Rd6 33. Qe8+ Kh7
34. Qxe5 Rd7 35. Re1 Qc2 36. Ka2 Qd3 37. Qe6 Rd6 38. Qf7 1-0

[Event "Porto Carras Summer Cup"]
[Site "Porto Carras GRE"]
[Date "2010.07.13"]
[Round "4.6"]
[White "Minas, I."]
[Black "Sigalas, F."]
[Result "1/2-1/2"]
[WhiteElo "1836"]
[BlackElo "2276"]
[PlyCount "41"]
[EventDate "2010.??.??"]

1. e4 e6 2. d4 d5 3. e5 c5 4. c3 Nc6 5. Nf3 Bd7 6. a3 f6 7. b4 cxd4 8. cxd4
fxe5 9. dxe5 Qc7 10. Bb2 Nh6 11. Bd3 Nf7 12. Qe2 a6 13. Nc3 Nfxe5 14. O-O Nxf3+
15. Qxf3 Ne5 16. Qh5+ g6 17. Nxd5 exd5 18. Qxe5+ Qxe5 19. Bxe5 Rg8 20. Rfe1 Kf7
21. Rac1 1/2-1/2

[Event "Porto Carras Summer Cup"]
[Site "Porto Carras GRE"]
[Date "2010.07.13"]
[Round "4.8"]
[White "Pantovic, D."]
[Black "Georgiopoulos, H."]
[Result "1-0"]
[WhiteElo "2115"]
[BlackElo "1850"]
[PlyCount "45"]
[EventDate "2010.??.??"]

1. d4 d5 2. c4 c6 3. Nf3 f5 4. cxd5 Qxd5 5. g3 Nf6 6. Bg2 Qa5+ 7. Bd2 Qc7 8.
O-O Ne4 9. Bf4 Qb6 10. Nc3 Nf6 11. Qc2 g6 12. d5 cxd5 13. Nxd5 Nxd5 14. Qxc8+
Qd8 15. Qxb7 Nb6 16. Be5 Rg8 17. Ng5 Qd7 18. Rac1 Qxb7 19. Bxb7 N8d7 20. Bc7
Bh6 21. h4 Kf8 22. Bxa8 Nxa8 23. Rfd1 1-0

[Event "Porto Carras Summer Cup"]
[Site "Porto Carras GRE"]
[Date "2010.07.14"]
[Round "5.2"]
[White "Nedev, T."]
[Black "Galopoulos, P."]
[Result "1-0"]
[WhiteElo "2506"]
[BlackElo "2095"]
[PlyCount "41"]
[EventDate "2010.??.??"]

1. e4 d5 2. exd5 Qxd5 3. Nc3 Qa5 4. d4 Nf6 5. Bd2 c6 6. Bc4 Bf5 7. Qe2 e6 8. d5
cxd5 9. Nxd5 Qd8 10. Nxf6+ gxf6 11. O-O-O Qc7 12. g4 Bxc2 13. Kxc2 b5 14. Bc3
bxc4 15. Bxf6 Rg8 16. Rd8+ Qxd8 17. Bxd8 Kxd8 18. Qf3 Nc6 19. Qxc6 Rc8 20. Qf3
Bg7 21. Qxf7 1-0

[Event "Porto Carras Summer Cup"]
[Site "Porto Carras GRE"]
[Date "2010.07.14"]
[Round "5.3"]
[White "Spirliadis, A."]
[Black "Csonka, B."]
[Result "0-1"]
[WhiteElo "2015"]
[BlackElo "2267"]
[PlyCount "96"]
[EventDate "2010.??.??"]

1. c4 Nf6 2. Nc3 g6 3. g3 Bg7 4. Bg2 O-O 5. e3 d6 6. Nge2 c6 7. O-O e5 8. d4
Qc7 9. Qc2 Na6 10. b3 exd4 11. Nxd4 Nc5 12. Ba3 Rd8 13. Rad1 Ne6 14. Ndb5 cxb5
15. Nxb5 Qa5 16. Bxd6 Bf8 17. Qb2 Bxd6 18. Nxd6 Ne8 19. Bxb7 Rb8 20. Rd5 Qc7
21. Nxe8 Rxe8 22. Bxc8 Rexc8 23. Qf6 a5 24. Rfd1 Rd8 25. e4 a4 26. b4 a3 27. h4
Rf8 28. Qc3 Rfc8 29. c5 Qb7 30. Rb1 Qb5 31. Rb3 Qe2 32. e5 Rd8 33. Rd6 Qxa2 34.
c6 Nc7 35. Rxa3 Qb1+ 36. Kh2 Rf8 37. Rb3 Qf5 38. Rf6 Nd5 39. c7 Nxf6 40. exf6
Qxf2+ 41. Kh3 Qf1+ 42. Kh2 Ra8 43. Rb2 Ra1 44. Qc6 Qg1+ 45. Kh3 Qh1+ 46. Qxh1
Rxh1+ 47. Kg4 Rc1 48. b5 Rxc7 0-1

[Event "Porto Carras Summer Cup"]
[Site "Porto Carras GRE"]
[Date "2010.07.14"]
[Round "5.4"]
[White "Tassopoulos, M."]
[Black "Papadopoulos, P."]
[Result "0-1"]
[WhiteElo "2257"]
[BlackElo "1951"]
[PlyCount "88"]
[EventDate "2010.??.??"]

1. c4 e5 2. Nc3 Bb4 3. Nd5 Ba5 4. g3 c6 5. Ne3 Nf6 6. Bg2 O-O 7. Nf3 Re8 8. O-O
e4 9. Nd4 Bb6 10. Ndc2 d5 11. d4 Be6 12. b3 Nbd7 13. Ba3 Nf8 14. Rc1 Ng6 15.
cxd5 cxd5 16. Qd2 Bc7 17. f4 exf3 18. exf3 Nh5 19. f4 f5 20. Qd3 Qd7 21. Ne1
Nf6 22. Nf3 Ne4 23. Ne5 Qd8 24. Rc2 Rc8 25. Bh3 Nxe5 26. dxe5 g6 27. Rd1 Bb6
28. Rxc8 Qxc8 29. Rc1 Qd7 30. Kf1 a6 31. Bg2 Qb5 32. Qxb5 axb5 33. Bxe4 fxe4
34. Nc2 Bh3+ 35. Ke1 d4 36. Nb4 Be6 37. Bb2 Rd8 38. Rd1 Bg4 39. a4 Bxd1 40.
Kxd1 bxa4 41. bxa4 Kf7 42. Nc2 Bc5 43. Na3 Bxa3 44. Bxa3 Ra8 0-1

[Event "Porto Carras Summer Cup"]
[Site "Porto Carras GRE"]
[Date "2010.07.14"]
[Round "5.5"]
[White "Urosevic, G."]
[Black "Capone, N."]
[Result "1-0"]
[WhiteElo "2225"]
[BlackElo "1877"]
[PlyCount "81"]
[EventDate "2010.??.??"]

1. d4 Nf6 2. c4 c5 3. Nf3 e6 4. g3 b6 5. d5 exd5 6. cxd5 d6 7. Bg2 g6 8. O-O
Bg7 9. Nc3 O-O 10. Bf4 a6 11. a4 h6 12. e4 g5 13. Bd2 Ra7 14. h4 g4 15. Nh2 Re8
16. Re1 Rae7 17. Qc1 h5 18. Bf4 Bb7 19. Qd2 Qd7 20. Qd3 Nh7 21. Nf1 Bc8 22. Ne3
Qc7 23. Nc4 Rd7 24. Nxd6 Rxd6 25. e5 Rdd8 26. e6 Qa7 27. Bxb8 Qxb8 28. exf7+
Kxf7 29. Qxh7 Re5 30. Qd3 Rf5 31. Re2 Kg8 32. Be4 Rf6 33. Bh7+ Kh8 34. Rae1
Rdf8 35. Be4 Bf5 36. Bxf5 Rxf5 37. Re8 Rxe8 38. Rxe8+ Qxe8 39. Qxf5 b5 40. axb5
axb5 41. d6 1-0

[Event "Porto Carras Summer Cup"]
[Site "Porto Carras GRE"]
[Date "2010.07.14"]
[Round "5.6"]
[White "Gamvrilis, I."]
[Black "Pantovic, D."]
[Result "0-1"]
[WhiteElo "1996"]
[BlackElo "2115"]
[PlyCount "80"]
[EventDate "2010.??.??"]

1. e4 c5 2. Nf3 e6 3. d4 cxd4 4. Nxd4 Nf6 5. Bd3 Nc6 6. Be3 e5 7. Nb3 d5 8.
exd5 Nxd5 9. Qe2 Nxe3 10. Qxe3 Be7 11. O-O O-O 12. a3 Bg5 13. Qe4 g6 14. Nc3
Bf5 15. Qa4 Bxd3 16. Rfd1 b5 17. Qa6 Qc8 18. Qxc8 Rfxc8 19. Rxd3 b4 20. Ne4 Be7
21. axb4 Nxb4 22. Rd7 Nxc2 23. Raxa7 Rxa7 24. Rxa7 Kf8 25. Rb7 Nd4 26. g3 Nf3+
27. Kg2 Ne1+ 28. Kf1 Nd3 29. Nbd2 f5 30. Nc3 Nxb2 31. Nd5 Rd8 32. Nxe7 Rxd2 33.
Nc6 Nd3 34. Rd7 Rxf2+ 35. Kg1 Rd2 36. Rxh7 e4 37. Ne7 Ne5 38. h4 e3 39. Kf1
Rf2+ 40. Ke1 Nd3+ 0-1

[Event "Porto Carras Summer Cup"]
[Site "Porto Carras GRE"]
[Date "2010.07.14"]
[Round "5.7"]
[White "Valyi, A."]
[Black "Hrisanthopoulos, D."]
[Result "1/2-1/2"]
[WhiteElo "1802"]
[BlackElo "2095"]
[PlyCount "45"]
[EventDate "2010.??.??"]

1. e4 c5 2. Nf3 Nc6 3. d3 g6 4. g3 Bg7 5. Bg2 e6 6. O-O Nge7 7. Nbd2 O-O 8. c3
d5 9. Qe2 b6 10. Rb1 a5 11. Re1 dxe4 12. dxe4 Ba6 13. Qd1 Bd3 14. Ra1 Qd7 15.
Nc4 Rad8 16. Nxb6 Qa7 17. Qb3 a4 18. Nxa4 c4 19. Qa3 Ra8 20. b3 Bxc3 21. Nxc3
Qxa3 22. Bxa3 Rxa3 23. Nb5 1/2-1/2